ERM v poisťovniach

Enterprise risk management, čiže systém celofiremného riadenia rizík, je proces, ktorý systematicky a komplexne identifikuje kritické riziká, kvantifikuje ich dopad a implementuje integrované stratégie s cieľom maximalizácie hodnoty danej spoločnosti.

Guardado en:
Detalles Bibliográficos
Autor principal: Pulchart, Vladimír
Formato: Capítulo de libro
Lenguaje:eslovaco
Materias:
Etiquetas: Agregar Etiqueta
Sin Etiquetas, Sea el primero en etiquetar este registro!

MARC

LEADER 00000naa$a2200000$$$4500
001 0059999
005 20231107122355.1
041 0 |a slo 
044 |a SK 
245 1 0 |a ERM v poisťovniach  |c Vladimír Pulchart 
520 |a Enterprise risk management, čiže systém celofiremného riadenia rizík, je proces, ktorý systematicky a komplexne identifikuje kritické riziká, kvantifikuje ich dopad a implementuje integrované stratégie s cieľom maximalizácie hodnoty danej spoločnosti. 
610 2 0 |a ERM 
610 2 0 |a riadenie rizík 
610 2 0 |a riziko 
610 2 0 |a poisťovne 
610 2 0 |a spoločnosti 
100 1 |a Pulchart, Vladimír